000 00507nam a2200181Ia 4500
999 _c19125
_d19125
003 OSt
005 20200630142429.0
008 190216s9999||||xx |||||||||||||| ||und||
020 _a0882250647
040 _coclc
082 _a909.4
_bWIL/E
100 _aWilliams, Neville
_93360
245 0 _aExpanding Horizons /
_cNeville Williams
260 _bNews Week Books,
_c1974.
_aNew York:
300 _a160p
650 _aWorld History
942 _cBK
_2ddc
_h909.4
_iWIL/E
_k909.4
_mWIL/E